Три тъжни тигъра (Запис номер 170374)
[ съкратено ]
| 000 -Лидер | |
|---|---|
| Контролно поле с фиксирана дължина | 01545nam a2200349 c 4500 |
| 003 - Код на организацията, давaща контролен номер | |
| Контролно поле | BLK |
| 005 - Дата и час на последна редакция | |
| Контролно поле | 20250404095418.0 |
| 008 - Елементи от данни с фиксирана дължина | |
| fixed length control field | 180411b bul|||||r ||||||| ||bul|| |
| 010 ## - Наследен системен номер | |
| LC control number | KNG00178513000 |
| 020 ## - Международен стандартен номер на книга ISBN | |
| Международен стандартен номер на книга ISBN | 978-619-186-114-9 |
| -- | издат.: Жанет 45 |
| 040 ## - Източник на каталожния запис | |
| Идентификатор на билиотеката - собственик на записа | BLK |
| 041 ## - Код за език | |
| Код за езика на текст/звукозапис или на отделно заглавие | Български |
| Код за езика КДБФ | Български |
| 072 #7 - Код за тематичната категория | |
| Код организация | bullib |
| Код за тематична категория | Н83 |
| Текст | Чужда художествена литература Н |
| 080 ## - УДК | |
| Текстов определител УДК | Кубинска литература |
| УДК код - определител по УДК | 821.134.2(729.1) |
| УДК определител | -31 |
| УДК - код + определител | 821.134.2(729.1)-31 |
| 100 1# - Редна дума - Автор | |
| Автор | Кабрера Инфанте, Гилермо |
| Авторска отговорност | първи автор |
| R(LIN) | 74622 |
| 139 ## - Редно поле | |
| Редна дума | Кабрера Инфанте, Гилермо |
| Авторски знак | Каб - К 12 |
| 245 10 - Сведения за заглавието | |
| Заглавие | Три тъжни тигъра |
| Подзаглавни данни | Роман |
| Редно поле (дума) | Гилермо Кабрера Инфанте; прев. от исп. Румен Бориславов Стоянов. |
| 257 ## - Страна на издаване | |
| Страна на създаване/издаване | Куба |
| 260 ## - Област на издателските данни | |
| -- | Пловдив |
| Име на издателя, разпространителя и проч. | Жанет 45 |
| Година на издаване | 2014 |
| 300 ## - Физическа характеристика | |
| Страници | 560 с. |
| Размери/Мащаб | 20 см |
| 380 ## - Жанр | |
| Жанр | Худож. лит. |
| 500 ## - Общи забележки | |
| Забележка | Ориг. загл. Tres tristes tigres / Guillermo Cabrera Infante. - Съдържа и за авт. и прев. |
| 653 ## - Ключова дума – ненормативна | |
| Ключова дума | романи |
| 659 ## - Тематичен бюлетин | |
| Тематичен бюлетин | Н |
| 700 1# - Други автори (авторска отговорност) | |
| Лично име | Стоянов, Румен Бориславов |
| Дати, свързани с автора | 1941- |
| Друга информация | Поет, есеист. Преводач от испански и португалски език |
| 9 (RLIN) | 125948 |
| 852 ## - Местоположение | |
| Форматна сигнатура | Цб 275535 |
| 856 4# - Електронен адрес и достъп | |
| Електронен формат | pdf - файл |
| Път до файла /url/ | |
| 856 4# - Електронен адрес и достъп | |
| Електронен формат | pdf - файл |
| Път до файла /url/ | |
| 942 ## - АРТИКУЛИ | |
| Вид на библиотечния материал | Книги |
| Скрит в OPAC | Не |
| 944 ## - СЪЗДАВАНЕ И РЕДАКЦИЯ на ЗАПИСА | |
| Създаване/Редакция | Създаване |
| Дата на регистрацията/редакция | 20.07.2015 |
| Статус, дата на статуса | Геновева Генчева |
| Служител, извършил регистрацията/редакцията | 30560 |
| 944 ## - СЪЗДАВАНЕ И РЕДАКЦИЯ на ЗАПИСА | |
| Създаване/Редакция | Редакция |
| Дата на регистрацията/редакция | 13.10.2016 |
| Статус, дата на статуса | ф / |
| Служител, извършил регистрацията/редакцията | Виолета_Тройчева |
| 999 ## - СИСТЕМНИ КОНТРОЛНИ НОМЕРА | |
| Koha biblionumber | 170374 |
| Koha biblioitemnumber | 170374 |
| Код за отписване | Код за изгубен артикул | Код за повреда | Коз за рестрикции | Код за отдаване | Артикулен № | Име на библиотеката - собственик | Име на библиотеката, в която се намира в момента | Статус (Текущо местоположение) | Дата на вписване в системата | Местоположение - отдел | Цена в лева | Инвентарен номер | Систематично азбучна сигнатура | Баркод | Номер на екземпляра | Цена в евро | Служебна бележка | Служебен тип на артикула |
|---|---|---|---|---|---|---|---|---|---|---|---|---|---|---|---|---|---|---|
| Не е изгубен | Не е повреден | без рестрикции | заемане за дома | 288625 | Регионална библиотека "Любен Каравелов" Русе | Регионална библиотека "Любен Каравелов" Русе | Заемна - подръчен фонд | 2015-07-21 | Заемна - подръчен фонд | 14.04 | 120000790341 | П 860(7/8)-31/К 12 | 120000790341 | 1 | 7.18 | Дост: Pk Вид: Ф N: 522 Дата: 17.07.2015 Дата инв: 09.02.2018 Бележки инв: П2018 | Книги | |
| Не е изгубен | Не е повреден | без рестрикции | ползва се в читалня | 288626 | Регионална библиотека "Любен Каравелов" Русе | Регионална библиотека "Любен Каравелов" Русе | Хранилище | 2015-12-09 | Хранилище | 18.00 | 120000795533 | Цб 275535 | 120000795533 | 2 | 9.20 | Дост: Dp Вид: Д N: 47 Дата: 02.11.2015 | Книги |